The El Dorado, Arkansas, oil and gas field.

Bibliographic Details
Main Author: Bell, H. W. (Harry Wesley), 1883-
Corporate Author: Arkansas. Bureau of Mines, Manufactures, and Agriculture
Format: Book
Language:English
Published: Little Rock, Ark. : Bureau of Mines, Manufactures and Agriculture, 1922.
Subjects:

MARC

Tag First Indicator Second Indicator Subfields
LEADER 00000cam a2200000 4500
001 in00000060687
005 20151008050538.0
008 790327s1922 arua s00010 eng
010 |a  22027208  
035 |a (OCoLC)04787105 
035 |9 AAG1712AM 
040 |a DLC  |c EYW  |d TXA  |d UtOrBLW 
049 |a TXAM  |c [238010] 
050 0 |a TN872.A85  |b B4 
092 |a 338.2728  |b A721e 
100 1 |a Bell, H. W.  |q (Harry Wesley),  |d 1883- 
245 1 4 |a The El Dorado, Arkansas, oil and gas field. 
264 1 |a Little Rock, Ark. :  |b Bureau of Mines, Manufactures and Agriculture,  |c 1922. 
300 |a 90 pages :  |b illustrations, folded plates, tables (1 folded) folded diagrams, folded chart. ;  |c 23 cm. 
336 |a text  |b txt  |2 rdacontent 
337 |a unmediated  |b n  |2 rdamedia 
338 |a volume  |b nc  |2 rdacarrier 
500 |a At head of title: State of Arkansas. Bureau of Mines, Manufactures and Agriculture. Jim G. Ferguson, commissioner. 
500 |a Plates, folded table, diagrams and chart in pocket. 
650 0 |a Petroleum  |z Arkansas. 
650 0 |a Natural gas  |z Arkansas. 
710 1 |a Arkansas.  |b Bureau of Mines, Manufactures, and Agriculture. 
999 |a MARS 
999 f f |s 9baab076-5cc5-32c7-b5c9-7051736b2d50  |i 4df12503-3a40-38a2-894d-b46a1380aa2b  |t 0 
952 f f |p ric  |a Texas A&M University  |b Rellis Campus  |c Joint Library Facility  |d Remote Storage  |t 0  |e TN872.A85 B4  |h Library of Congress classification  |i unmediated -- volume  |m A14800762544 
998 f f |a TN872.A85 B4  |t 0  |l Remote Storage